Astres visités par une sonde spatiale en images - Statistiques

Statistiques générales
  • Ce quiz a été pris 30 fois
  • Le résultat moyen est 4 sur 9
Statistiques - réponses
Par images Réponse % Correct
Lune
100%
Mars
100%
Vénus
88%
Titan
65%
67P/Tchourioumov-Guérassimenko
19%
(101955) Bénou
12%
(162173) Ryugu
4%
(25143) Itokawa
4%
(433) Éros
4%
Aucun quiz correspondant
Distribution des résultats
% des personnes avec chaque résultat
Percentile par nombre de réponses
Votre historique - résultats
Vous n’avez pas pris ce quiz